Statistiken für Bulgarisches Kyrillisches Alphabet

Klicken Sie hier um das Quiz zu spielen!

Allgemein

  • Dieses Quiz wurde 45 mal gespielt
    (44 seit der letzten Aktualisierung)
  • Das Durchschnittsergebnis liegt bei 24 aus 29

Antwortstatistiken

MajuskelMinuskelDeutschEnglischWissenschaftlich% Korrekt
АаAAA
100%
БбBBB
100%
ЕеEEE
97%
МмMMM
97%
ОoOOO
97%
КкKKK
94%
ТтTTT
94%
ДдDDD
91%
РрRRR
91%
СсS | ßSS
91%
ВвWVV
91%
ГгGGG
89%
ИиIII
89%
ЛлLLL
89%
НнNNN
89%
ПпPPP
89%
УуUUU
89%
ФфFFF
86%
ХхChKh | HCh | H
83%
ЗзSZZ
83%
ЖжSch | ShZhŽ
83%
ЙйJJY
77%
ШшSchShŠ
77%
ЦцZTsC
77%
ЧчTschChČ
74%
ЯяJaYaJa
69%
ЩщSchtShtŠt
63%
ЮюJuYuJu
57%
ЪъAAĂ
37%

Verteilung der Resultate

Perzentil nach korrekt beantworteten Fragen

Anzahl Personen mit jedem Resultat

Ihre Resultats-Entwicklung

Sie haben dieses Quiz seit der letzten Aktualisierung nicht gespielt